Measurement Journal of the International Measurement Confederation

Uložené v:
Podrobná bibliografia
Médium: Seriál
Jazyk:English
Vydavateľské údaje: Amsterdam Elsevier Science B.V.
Tagy: Pridať tag
Žiadne tagy, Buďte prvý, kto otaguje tento záznam!

MARC

LEADER 00000nas1a2200000 4500
001 0247072
005 20250701092105.1
022 |a 1873-412X 
022 |a 0263-2241 
041 0 |a eng 
044 |a NL 
245 1 0 |a Measurement  |b Journal of the International Measurement Confederation 
264 1 |a Amsterdam  |b Elsevier Science B.V.